Reestructuración económica e internacionalización de la política económica /

Se caracteriza el proceso de reestructuración e internacionalización de las economías y las políticas económicas en el Caribe, específicamente el caso de República Dominicana. La visión neoliberal impulsa el antiestatismo y el nuevo modelo agroexportador se constituye en la orientación de las políti...

全面介绍

Guardado en:
书目详细资料
主要作者: Galván S, Héctor
格式: Texto
主题:
标签: 添加标签
没有标签, 成为第一个标记此记录!

MARC

LEADER 00000 a a2200000 04500
001 14825
003
040
100 |a Galván S, Héctor  
245 |a Reestructuración económica e internacionalización de la política económica /  |c Héctor Galván S 
520 |a Se caracteriza el proceso de reestructuración e internacionalización de las economías y las políticas económicas en el Caribe, específicamente el caso de República Dominicana. La visión neoliberal impulsa el antiestatismo y el nuevo modelo agroexportador se constituye en la orientación de las políticas económicas aplicadas en Centroamérica y el Caribe en el decenio de los ochentas. El neoliberalismo se expresa en la esfera económica por medio de las políticas de los organismos financieros internacionales tales como el Fondo Monetario Internacional y el Banco Mundial. La Agencia Internacional para el Desarrollo (AID) ha conducido a una reestructuración de las economías regionales hacia el mercado internacional, particularmente al de los Estados Unidos. Asimismo, las propias políticas económicas nacionales (dada su mediación por tales entes financieros), se inclinan a expresar una tendencia que enfatiza los intereses del mercado y capital extranjero. Se identifica y analiza sucintamente esas tendencias de reestructuración económica así como de internacionalización de las políticas económicas nacionales, sistematizando éstas y diseñadas a nivel internacional, restringiéndose así los márgenes para un estilo de desarrollo nacional. Se intenta, en términos teórico metodológicos, ofrecer una perspectiva analítica de Economía Política de la Política Económica, para el caso de países subdesarrollados como los del Caribe y Centroamérica. HB/MR  
650 |a POLITICA ECONOMICA  
650 |a NEOLIBERALISMO  
650 |a SISTEMA MONETARIO INTERNACIONAL  
650 |a CAPITALES EXTRANJEROS  
650 |a DESARROLLO ECONOMICO Y SOCIAL  
650 |a PUB.IIS  
773 |g número 44; páginas 7-22  
999 |c 31555  |d 31555 
773 0 |0 18728  |9 3096  |a Universidad de Costa Rica  |d San José, Costa Rica Editorial UCR 1956-  |o 16864  |t Revista de Ciencias Sociales/  |x 04825276